00351nam a2200121Ia 4500008004100000041000800041082000800049100002500057245009400082260003200176300000800208520001300216221007s9999 xx 000 0 und d aeng bJAW aJawadekar M (2k6407) aTo Study the Leave System of The Nursing Staff Working with Deenanath Mangeshkar Hospital c2008bPune UniversityaPune a73p aKetkar L